000 00283nam a22001337a 4500
008 170406b xxu||||| |||| 00| 0 eng d
020 _a9780721693163
041 _aeng
080 _a575
100 _a9
101 _aSHM
245 _aBASIC IMMUNOLOGY
_cABBAS, A.K
942 _2udc
_cBK
999 _c9946
_d9946